000 00277nam a22001097a 4500
008 160518b xxu||||| |||| 00| 0 eng d
020 _a9780314067029
041 _aeng
080 _a61
245 _aModern medical language:
_cC.Edward Collins; Juanita J.Davies;
942 _2udc
_cBK
999 _c2193
_d2193